书目信息 |
| 书名: | A diplomatic history of the American Revolution | |
| 作者: | Jonathan R. Dull | |
| 分册号: | ||
| 分册名: | 出版地: | New Haven : |
|
| 出版社: | Yale University Press | |
| 出版时间: | c1985. | |
| 页数: | xii, 229 p. ; | |
| 开本: | 21 cm. | |
| 丛书名: | ||
| 中图分类号: | ||
| 科图分类号: | ||
| 其他分类号: | D871.29 | |
| 主题词: | ||
| 电子资源: | ||
| 000 | 00949nam 2200301 a 4500 | |
| 001 | E0753709744 | |
| 005 | 20070710145840.95 | |
| 008 | uu | |
| 008 | 00110 eng | |
| 010 | @a85005306 //r92 | |
| 020 | @a0-300-03886-0. | |
| 040 | @aDLC @cDLC @dDLC | |
| 043 | @an-us--- | |
| 049 | @aN5LA | |
| 050 | 00 | @aE249 @b.D859 1985 |
| 082 | 00 | @a973.3/2 @219 |
| 090 | @a2-86/D871.29/D88D//////731714 | |
| 090 | @aD871.29 | |
| 096 | @aD871.29 @v2 | |
| 099 | @dD871.29@ex48 | |
| 100 | 10 | @aDull, Jonathan R., @d1942- |
| 245 | 12 | @aA diplomatic history of the American Revolution / @cJonathan R. Dull |
| 260 | 0 | @aNew Haven :@bYale University Press,@cc1985. |
| 300 | @axii, 229 p. ;@c21 cm. | |
| 500 | @aIncludes index. | |
| 504 | @aBibliography: p. 175-218. | |
| 651 | 0 | @aUnited States @xForeign relations @y1775-1783. @b00 @c20020930 @lNLC09 @h2249 @lNLC09 @h2333 @lNLC09 @h1925 |
| 852 | 9 | @bWWJC @cJ08N @k2-86 @hD871.29 @iD88D |
| A diplomatic history of the American Revolution / / Jonathan R. Dull.-New Haven : : Yale University Press, , c1985. |
| xii, 229 p. ; ; 21 cm. |
| Includes index.-Bibliography: p. 175-218. |
| ISBN 0-300-03886-0. |
| ● |
| 相关链接 |
|
|
|
|
正题名:diplomatic history of the American Revolution
索取号:D871.29/x48
 
预约/预借
| 序号 | 登录号 | 条形码 | 馆藏地/架位号 | 状态 | 备注 |
| 1 | 0011680 | 300116808 | 第二样本阅览室/ [索取号:D871.29/x48] | 在馆 |